000 00335nam a22001337a 4500
008 170905b xxu||||| |||| 00| 0 eng d
020 _a2900205543723
041 _aeng
080 _26 ED
_a070
100 _a40
101 _aMED
245 _aINTERPERSONAL COMMUNICATION AND HUMAN RELATIONSHIPS
_cKNAPP.M.L
942 _2udc
_cBK
999 _c26136
_d26136